[Event "Titled Tuesday intern op 03rd Jan Late"]
[Site "Chess.com INT"]
[Date "2025.06.03"]
[Round "2"]
[White "Bouchet, Sebastien"]
[Black "Albores, Pablo"]
[Result "1-0"]
[WhiteElo "2180"]
[BlackElo "2220"]
[PlyCount "107"]
[EventDate "2025.06.03"]
[EventType "swiss (blitz)"]
[EventRounds "11"]
[EventCountry "USA"]
[SourceTitle "CB24_2025"]
[SourceDate "2025.06.11"]
[SourceVersion "1"]
[SourceVersionDate "2025.06.11"]
[SourceQuality "1"]

1. e4 d6 2. d4 Nf6 3. Nc3 g6 4. f3 c6 5. a4 b6 6. h4 h5 7. Be3 Bg7 8. Qd2 Qc7 9. Nh3 Bxh3 10. Rxh3 Nbd7 11. Rh1 a6 12. Be2 Rc8 13. Bxa6 Ra8 14. Bd3 b5 15. Kf2 bxa4 16. Rxa4 0-0 17. Rha1 Rxa4 18. Rxa4 Rb8 19. b3 Nb6 20. Ra6 Ra8 21. Rxa8+ Nxa8 22. Na4 Nd7 23. Qb4 Kh7 24. Ba6 Nab6 25. Bd3 Nxa4 26. Qxa4 c5 27. c3 e5 28. d5 Bf6 29. g3 Nf8 30. Qc6 Qd8 31. Ke2 Kg7 32. b4 cxb4 33. cxb4 Nh7 34. b5 Qa5 35. b6 Bd8 36. b7 Bc7 37. Bd2 Qc5 38. Qxc5 dxc5 39. Be3 Bd6 40. Bxc5 Bb8 41. Bb5 f6 42. Bd7 Nf8 43. Bc8 Kf7 44. Kd3 Ke8 45. Kc4 Nd7 46. Bxd7+ Kxd7 47. Kb5 f5 48. Ka6 f4 49. gxf4 exf4 50. Ba7 Kc7 51. Bxb8+ Kxb8 52. Kb6 g5 53. d6 gxh4 54. d7 1-0

[Event "Titled Tuesday intern op 03rd Jan Late"]
[Site "Chess.com INT"]
[Date "2025.06.03"]
[Round "4"]
[White "Buchenau, Frank"]
[Black "Bouchet, Sebastien"]
[Result "0-1"]
[WhiteElo "2190"]
[BlackElo "2180"]
[PlyCount "84"]
[EventDate "2025.06.03"]
[EventType "swiss (blitz)"]
[EventRounds "11"]
[EventCountry "USA"]
[SourceTitle "CB24_2025"]
[SourceDate "2025.06.11"]
[SourceVersion "1"]
[SourceVersionDate "2025.06.11"]
[SourceQuality "1"]

1. e4 c5 2. g3 d5 3. exd5 Qxd5 4. Nf3 Nf6 5. Bg2 Nc6 6. 0-0 g6 7. Nc3 Qd8 8. d4 cxd4 9. Nb5 Bg7 10. Nfxd4 Nxd4 11. Qxd4 Qxd4 12. Nxd4 0-0 13. Re1 e6 14. Nb5 Bd7 15. Nd6 Bc6 16. Nxb7 Bxg2 17. Kxg2 Nd5 18. c3 Nb6 19. Na5 Na4 20. Re2 Rab8 21. Nb3 Rfd8 22. Be3 a6 23. Rb1 Nb6 24. Bxb6 Rxb6 25. Rd2 Rdb8 26. Rbd1 Bf6 27. Rd6 a5 28. Rxb6 Rxb6 29. Rd2 a4 30. Nd4 Kf8 31. Kf3 Ke7 32. Ke4 h5 33. h4 Bg7 34. c4 f5+ 35. Ke3 e5 36. Nb5 e4 37. b3 Bh6+ 38. f4 exf3+ 39. Kd3 Bxd2 40. Kxd2 Re6 41. Nd4 f2 42. Nxe6 f1Q 0-1

[Event "Titled Tuesday intern op 18th Mar Late"]
[Site "Chess.com INT"]
[Date "2025.03.18"]
[Round "1"]
[White "Annaberdiev, Meilis"]
[Black "Bouchet, Sebastien"]
[Result "1-0"]
[WhiteElo "2449"]
[BlackElo "2180"]
[PlyCount "69"]
[EventDate "2025.03.18"]
[EventType "swiss (blitz)"]
[EventRounds "11"]
[EventCountry "USA"]
[SourceTitle "CB13_2025"]
[SourceDate "2025.03.26"]
[SourceVersion "1"]
[SourceVersionDate "2025.03.26"]
[SourceQuality "1"]

1. e4 c5 2. Nf3 g6 3. c3 Bg7 4. d4 cxd4 5. cxd4 d5 6. e5 Bg4 7. Bb5+ Nc6 8. Nbd2 Qb6 9. Ba4 e6 10. 0-0 Nge7 11. h3 Bxf3 12. Nxf3 0-0 13. Rb1 Nf5 14. Bxc6 Qxc6 15. g4 Ne7 16. Bg5 Qd7 17. Qd2 Nc6 18. Bf6 Rac8 19. Kg2 Rfe8 20. h4 Bxf6 21. exf6 Qd6 22. Qh6 Qf8 23. Qf4 h6 24. Rbc1 Rcd8 25. Rc3 e5 26. Nxe5 Nxe5 27. dxe5 d4 28. Rc7 d3 29. Rd1 Rd5 30. Rxb7 Rdxe5 31. Rxd3 Re4 32. Qf3 Qc5 33. Qxe4 Rxe4 34. Rd8+ Kh7 35. Rxf7# 1-0

[Event "Titled Tuesday intern op 21st Jan Late"]
[Site "Chess.com INT"]
[Date "2025.01.21"]
[Round "6"]
[White "Bouchet, Sebastien"]
[Black "Hajiyev, Kanan"]
[Result "0-1"]
[WhiteElo "2180"]
[BlackElo "2160"]
[PlyCount "38"]
[EventDate "2025.01.21"]
[EventType "swiss (blitz)"]
[EventRounds "11"]
[EventCountry "USA"]
[SourceTitle "CB05_2025"]
[SourceDate "2025.01.29"]
[SourceVersion "1"]
[SourceVersionDate "2025.01.29"]
[SourceQuality "1"]

1. e4 a6 2. d4 c6 3. Nc3 d5 4. e5 Bf5 5. Nce2 e6 6. c3 c5 7. f4 Nc6 8. Nf3 cxd4 9. Nexd4 Bg4 10. h3 Bxf3 11. Qxf3 Nxd4 12. cxd4 Bb4+ 13. Kf2 h5 14. Bd3 Qb6 15. Be3 g6 16. Rac1 h4 17. Qg4 Qd8 18. Rc2 Nh6 19. Qg5 Be7 0-1

[Event "Titled Tuesday intern op 21st Jan Late"]
[Site "Chess.com INT"]
[Date "2025.01.21"]
[Round "2"]
[White "Bouchet, Sebastien"]
[Black "Rojas Alarcon, Julian Antonio"]
[Result "0-1"]
[WhiteElo "2180"]
[BlackElo "2365"]
[PlyCount "130"]
[EventDate "2025.01.21"]
[EventType "swiss (blitz)"]
[EventRounds "11"]
[EventCountry "USA"]
[SourceTitle "CB05_2025"]
[SourceDate "2025.01.29"]
[SourceVersion "1"]
[SourceVersionDate "2025.01.29"]
[SourceQuality "1"]

1. e4 c6 2. Nc3 d5 3. Nf3 Bg4 4. h3 Bxf3 5. Qxf3 e6 6. d3 g6 7. Bd2 Bg7 8. 0-0-0 Ne7 9. g4 d4 10. Ne2 c5 11. h4 h6 12. Qg3 e5 13. f4 exf4 14. Nxf4 Nbc6 15. Bg2 0-0 16. h5 g5 17. Nd5 Rc8 18. Kb1 b5 19. Rhf1 c4 20. Nf6+ Kh8 21. e5 c3 22. Bc1 cxb2 23. Bxb2 Nb4 24. Rf2 Ned5 25. Nxd5 Nxd5 26. Bxd5 Qxd5 27. Qf3 Qxf3 28. Rxf3 Bxe5 29. Rf5 f6 30. Re1 Rfe8 31. Re4 Rcd8 32. Rf1 Kg7 33. Kc1 Kf7 34. Kd2 Rd7 35. Kd1 Re6 36. Rf2 Kg7 37. a3 a5 38. Rf5 b4 39. axb4 axb4 40. Bc1 b3 41. cxb3 Rb6 42. Re2 Rxb3 43. Rf3 Rc7 44. Rc2 Rcb7 45. Rc6 Rb1 46. Kc2 R1b6 47. Rxb6 Rxb6 48. Kd1 Ra6 49. Rf2 Kf7 50. Rc2 Ke6 51. Rc8 Ra2 52. Re8+ Kf7 53. Rh8 Kg7 54. Rd8 Rg2 55. Rd7+ Kf8 56. Rd8+ Ke7 57. Rh8 Rxg4 58. Rxh6 Rg1+ 59. Kc2 g4 60. Rg6 g3 61. h6 Rh1 62. Rg7+ Ke6 63. h7 f5 64. Rg6+ Kf7 65. Rh6 g2 0-1

[Event "Titled Tuesday intern op 26th Nov Late"]
[Site "Chess.com INT"]
[Date "2024.11.26"]
[Round "4"]
[White "Bouchet, Sebastien"]
[Black "Hernandez Bermudez, Ulises Eduardo"]
[Result "1-0"]
[WhiteElo "2180"]
[BlackElo "2042"]
[PlyCount "75"]
[EventDate "2024.11.26"]
[EventType "swiss (blitz)"]
[EventRounds "11"]
[EventCountry "USA"]
[SourceTitle "CB49_2024"]
[SourceDate "2024.12.04"]
[SourceVersion "1"]
[SourceVersionDate "2024.12.04"]
[SourceQuality "1"]

1. e4 e5 2. Nc3 Bc5 3. g3 Nc6 4. Bg2 Nf6 5. Nge2 0-0 6. d3 d6 7. Na4 Bb6 8. Nxb6 axb6 9. f4 h6 10. 0-0 d5 11. exd5 Nxd5 12. Nc3 Nxc3 13. bxc3 Qd6 14. Qh5 exf4 15. Bxf4 Qc5+ 16. Qxc5 bxc5 17. Bxc7 Be6 18. a4 Rfe8 19. Bb6 c4 20. d4 Ne7 21. Bc5 Nd5 22. Rfb1 Nxc3 23. Rb4 Nd5 24. Rxc4 Ne3 25. Rb4 Nxc2 26. Rab1 Nxb4 27. Rxb4 Bd7 28. Rxb7 Bxa4 29. Bd5 Rab8 30. Bxf7+ Kh7 31. Bxe8 Rxe8 32. Bd6 Re1+ 33. Kf2 Rh1 34. Be5 Rxh2+ 35. Ke3 Bc6 36. Rxg7+ Kh8 37. Rc7+ Kg8 38. Rxc6 1-0

[Event "Titled Tuesday intern op 26th Nov Late"]
[Site "Chess.com INT"]
[Date "2024.11.26"]
[Round "6"]
[White "Dubreuil, Julien"]
[Black "Bouchet, Sebastien"]
[Result "0-1"]
[WhiteElo "2096"]
[BlackElo "2180"]
[PlyCount "92"]
[EventDate "2024.11.26"]
[EventType "swiss (blitz)"]
[EventRounds "11"]
[EventCountry "USA"]
[SourceTitle "CB49_2024"]
[SourceDate "2024.12.04"]
[SourceVersion "1"]
[SourceVersionDate "2024.12.04"]
[SourceQuality "1"]

1. e4 c5 2. Nf3 g6 3. d4 cxd4 4. c3 d3 5. c4 Nc6 6. Nc3 Bg7 7. Bxd3 d6 8. 0-0 Bg4 9. Be2 Bxf3 10. Bxf3 Nf6 11. Be3 0-0 12. Rc1 Rc8 13. Be2 Qa5 14. f3 Rfe8 15. Qd2 h5 16. Rfd1 h4 17. Kh1 Nh5 18. a3 Ne5 19. Nd5 Qxd2 20. Rxd2 b6 21. Rdc2 Nf6 22. b4 e6 23. Nxf6+ Bxf6 24. c5 dxc5 25. bxc5 bxc5 26. Rxc5 Rxc5 27. Rxc5 Rb8 28. Rc1 Rb2 29. Bf1 Ra2 30. Bxa7 Rxa3 31. Bg1 h3 32. f4 Nd3 33. Bxd3 Rxd3 34. e5 Be7 35. g3 Kg7 36. Bf2 Rd2 37. Kg1 Ba3 38. Rc3 Bb2 39. Rb3 Rd1+ 40. Be1 Rxe1+ 41. Kf2 Rh1 42. g4 Rxh2+ 43. Kg3 Rc2 44. Kxh3 Rc3+ 45. Rxc3 Bxc3 46. Kg3 g5 0-1

[Event "Titled Tuesday intern op 7th Mar Early"]
[Site "Chess.com INT"]
[Date "2023.03.07"]
[Round "2"]
[White "Molina, Roberto Junio Brito"]
[Black "Bouchet, Sebastien"]
[Result "0-1"]
[WhiteElo "2403"]
[BlackElo "2180"]
[PlyCount "66"]
[EventDate "2023.03.07"]
[EventType "swiss (blitz)"]
[EventRounds "11"]
[EventCountry "USA"]
[SourceTitle "EXT 2024"]
[Source "ChessBase"]
[SourceDate "2023.10.10"]
[SourceVersion "1"]
[SourceVersionDate "2023.10.10"]
[SourceQuality "1"]

1. e4 c5 2. Nf3 g6 3. d4 cxd4 4. Nxd4 Nf6 5. Nc3 Nc6 6. Nxc6 bxc6 7. e5 Ng8 8. Bc4 Bg7 9. f4 Nh6 10. 0-0 0-0 11. Kh1 d5 12. exd6 exd6 13. Be3 d5 14. Bc5 dxc4 15. Bxf8 Qxf8 16. Qf3 Qc5 17. Ne4 Qb6 18. Nd6 Be6 19. Rab1 Nf5 20. Nxf5 Bxf5 21. Rf2 Rd8 22. h3 Qd4 23. Re2 h5 24. b3 c3 25. Rbe1 Qd5 26. Re8+ Rxe8 27. Rxe8+ Kh7 28. Qxd5 cxd5 29. Re2 d4 30. b4 d3 31. cxd3 Bxd3 32. Re7 c2 33. Rc7 Bb2 0-1

[Event "Titled Tuesday intern op 15th Feb Early"]
[Site "Chess.com INT"]
[Date "2022.02.15"]
[Round "1"]
[White "Nguyen, Ngoc Truong Son"]
[Black "Bouchet, Sebastien"]
[Result "1-0"]
[WhiteElo "2641"]
[BlackElo "2180"]
[PlyCount "73"]
[EventDate "2022.02.15"]
[EventType "swiss (blitz)"]
[EventRounds "11"]
[EventCountry "USA"]
[SourceTitle "CBM 206 Extra"]
[Source "ChessBase"]
[SourceDate "2022.03.31"]
[SourceVersion "1"]
[SourceVersionDate "2022.03.31"]
[SourceQuality "1"]

1. e4 c5 2. Nf3 g6 3. d4 cxd4 4. Qxd4 Nf6 5. e5 Nc6 6. Qa4 Nd5 7. Qe4 Nb6 8. Bf4 d5 9. Qe3 d4 10. Qd2 a6 11. Bd3 Be6 12. 0-0 Bd5 13. Qe2 Bg7 14. Nbd2 0-0 15. a3 Qd7 16. h3 Rfd8 17. Ng5 h6 18. e6 Bxe6 19. Nxe6 Qxe6 20. Qxe6 fxe6 21. Bc7 Nd5 22. Bxd8 Rxd8 23. Bxg6 Nf4 24. Be4 d3 25. c3 Rd7 26. Rfe1 Kf7 27. h4 Ne5 28. g3 Ne2+ 29. Kg2 b5 30. Rad1 Nc4 31. Nxc4 bxc4 32. Bf3 Nxc3 33. bxc3 Bxc3 34. Re4 Bd4 35. Bg4 Rd6 36. Bxe6+ Kf6 37. Bxc4 1-0

[Event "Titled Tuesday intern op 09th Nov"]
[Site "Chess.com INT"]
[Date "2021.11.09"]
[Round "3"]
[White "Bouchet, Sebastien"]
[Black "Roque Sola, Gisela"]
[Result "1-0"]
[WhiteElo "2180"]
[BlackElo "2057"]
[PlyCount "43"]
[EventDate "2021.11.09"]
[EventType "swiss (blitz)"]
[EventRounds "11"]
[EventCountry "USA"]
[SourceTitle "CBM 205 Extra"]
[Source "ChessBase"]
[SourceDate "2022.01.31"]
[SourceVersion "1"]
[SourceVersionDate "2022.01.31"]
[SourceQuality "1"]

1. e4 e6 2. d4 d5 3. Nd2 c5 4. dxc5 Bxc5 5. Bd3 Nf6 6. Qe2 Nc6 7. c3 0-0 8. Ngf3 dxe4 9. Nxe4 Nxe4 10. Qxe4 g6 11. Bh6 Re8 12. 0-0-0 Bf8 13. Bxf8 Rxf8 14. h4 Qa5 15. h5 Qxa2 16. hxg6 f5 17. gxh7+ Kh8 18. Qf4 Qa1+ 19. Bb1 Qa5 20. Nh4 Rf6 21. Qg5 Qe5 22. Qg8# 1-0

[Event "Titled Tuesday intern op 09th Nov"]
[Site "Chess.com INT"]
[Date "2021.11.09"]
[Round "2"]
[White "Xie, Bryan"]
[Black "Bouchet, Sebastien"]
[Result "0-1"]
[WhiteElo "2124"]
[BlackElo "2180"]
[PlyCount "106"]
[EventDate "2021.11.09"]
[EventType "swiss (blitz)"]
[EventRounds "11"]
[EventCountry "USA"]
[SourceTitle "CBM 205 Extra"]
[Source "ChessBase"]
[SourceDate "2022.01.31"]
[SourceVersion "1"]
[SourceVersionDate "2022.01.31"]
[SourceQuality "1"]

1. d4 Nf6 2. Nf3 g6 3. Bf4 Bg7 4. e3 0-0 5. Be2 d6 6. h3 Nbd7 7. 0-0 Re8 8. Bh2 c6 9. Nbd2 e5 10. Nc4 e4 11. Nfd2 d5 12. Nd6 Rf8 13. c4 dxc4 14. Bxc4 Nb6 15. Bb3 Qe7 16. Qc2 Rd8 17. Nxf7 Rf8 18. Bd6 Qe8 19. Bxf8 Qxf8 20. Nxe4 Nfd5 21. Nfd6 Kh8 22. a4 a5 23. Bxd5 Nxd5 24. Qc5 Qe7 25. Nxc8 Qxe4 26. Nb6 Bf8 27. Qc4 Nxb6 28. Qf7 Qe7 29. Qf4 Nd5 30. Qg3 Bg7 31. Rae1 Re8 32. e4 Nb4 33. e5 Qe6 34. f4 Rd8 35. Rd1 Nd5 36. f5 gxf5 37. Qg5 Rg8 38. Qxf5 Qxf5 39. Rxf5 Ne3 40. Rdf1 Nxf1 41. Kxf1 Rf8 42. Rxf8+ Bxf8 43. Ke2 Kg7 44. Ke3 Kf7 45. Ke4 Ke6 46. g4 Be7 47. Kf4 h6 48. Ke4 Bg5 49. b3 b6 50. Kf3 Kd5 51. Ke2 Kxd4 52. e6 Kd5 53. h4 Bxh4 0-1

[Event "Titled Tuesday intern op 24th Aug"]
[Site "Chess.com INT"]
[Date "2021.08.24"]
[Round "1"]
[White "Tang, Andrew"]
[Black "Bouchet, Sebastien"]
[Result "1-0"]
[WhiteElo "2509"]
[BlackElo "2180"]
[PlyCount "113"]
[EventDate "2021.08.24"]
[EventType "swiss (blitz)"]
[EventRounds "11"]
[EventCountry "USA"]
[SourceTitle "EXT 2022"]
[Source "ChessBase"]
[SourceDate "2021.10.06"]
[SourceVersion "1"]
[SourceVersionDate "2021.10.06"]
[SourceQuality "1"]

1. a4 d5 2. Ra3 e5 3. Rg3 Nf6 4. b3 g6 5. Bb2 Nc6 6. Nf3 Qe7 7. e3 Bg7 8. Bb5 Ne4 9. Nc3 Nxg3 10. hxg3 Be6 11. Qa1 0-0 12. Ne2 f6 13. d4 e4 14. Nd2 Qd7 15. Nf4 Bf7 16. a5 a6 17. Be2 Rfe8 18. c4 Nb4 19. Kd1 Bf8 20. Bc3 c5 21. Bxb4 cxb4 22. Nxd5 Bxd5 23. cxd5 Kg7 24. Bc4 Qg4+ 25. Ke1 Bd6 26. Qa4 Rad8 27. Be2 Qc8 28. Nc4 Qd7 29. Qxd7+ Rxd7 30. Kd2 Bc7 31. d6 Bxd6 32. g4 Bb8 33. f3 f5 34. gxf5 gxf5 35. Rh5 Kg6 36. fxe4 Rxe4 37. Bf3 Re8 38. Kd3 Red8 39. g4 f4 40. Be4+ Kf6 41. g5+ Kg7 42. Rxh7+ Kg8 43. g6 fxe3 44. d5 Rxd5+ 45. Bxd5+ Rxd5+ 46. Kxe3 Ba7+ 47. Ke2 Rg5 48. Rxb7 Bc5 49. Rc7 Bd4 50. Rc6 Bc3 51. Rxa6 Kg7 52. Rb6 Rg2+ 53. Kd3 Ra2 54. a6 Be1 55. Ne3 Bc3 56. Nf5+ Kg8 57. Rb8# 1-0

[Event "Titled Tuesday intern op 29th June"]
[Site "Chess.com INT"]
[Date "2021.06.29"]
[Round "1"]
[White "Cardoso Cardoso, Jose Gabriel"]
[Black "Bouchet, Sebastien"]
[Result "1-0"]
[WhiteElo "2414"]
[BlackElo "2180"]
[PlyCount "79"]
[EventDate "2021.06.29"]
[EventType "swiss (blitz)"]
[EventRounds "11"]
[EventCountry "USA"]
[SourceTitle "CBM 203 Extra"]
[Source "ChessBase"]
[SourceDate "2021.09.30"]
[SourceVersion "1"]
[SourceVersionDate "2021.09.30"]
[SourceQuality "1"]

1. d4 Nf6 2. Bf4 g6 3. Nc3 Bg7 4. e4 d6 5. Qd2 c6 6. h4 h5 7. f3 b5 8. a3 Nbd7 9. e5 Nd5 10. Nxd5 cxd5 11. exd6 0-0 12. 0-0-0 exd6 13. Bxd6 Re8 14. Nh3 Nb6 15. Be5 f6 16. Bg3 Bf5 17. Bd3 Nc4 18. Qf4 Kh7 19. Kb1 Bxd3 20. cxd3 Ne3 21. Rc1 Nf5 22. Rc7 Re7 23. Rxe7 Qxe7 24. Re1 Qd7 25. Bh2 b4 26. g4 Bh6 27. g5 fxg5 28. Nxg5+ Bxg5 29. hxg5 bxa3 30. bxa3 Qb5+ 31. Ka2 Rc8 32. Qd2 Nxd4 33. Rb1 Qa4 34. Rb2 Kg8 35. Qf4 Rc2 36. Qb8+ Kh7 37. Qb7+ Kg8 38. Qxd5+ Kh7 39. Qf7+ Kh8 40. Be5# 1-0

[Event "Titled Tuesday intern op 01st June"]
[Site "Chess.com INT"]
[Date "2021.06.01"]
[Round "2"]
[White "Bouchet, Sebastien"]
[Black "Fajdetic, Hrvoje"]
[Result "0-1"]
[WhiteElo "2180"]
[BlackElo "2151"]
[PlyCount "80"]
[EventDate "2021.06.01"]
[EventType "swiss (blitz)"]
[EventRounds "11"]
[EventCountry "USA"]
[SourceTitle "CBM 202 Extra"]
[Source "ChessBase"]
[SourceDate "2021.07.31"]
[SourceVersion "1"]
[SourceVersionDate "2021.07.31"]
[SourceQuality "1"]

1. e4 e6 2. d4 d5 3. Nd2 dxe4 4. Nxe4 Nd7 5. Nf3 Ngf6 6. Ng3 Bd6 7. Be2 b6 8. 0-0 Bb7 9. b3 0-0 10. Bb2 c5 11. c4 Qc7 12. Qc2 cxd4 13. Nxd4 a6 14. Rad1 Rfd8 15. Rfe1 Rac8 16. Qb1 Bb4 17. Rf1 Ne5 18. h3 Ng6 19. Bf3 Nf4 20. Bxb7 Qxb7 21. f3 Bc5 22. Kh1 h5 23. Nge2 Qc7 24. a3 a5 25. Nb5 Qb8 26. Nec3 h4 27. Ne4 Nxe4 28. Qxe4 Nh5 29. Be5 Ng3+ 30. Bxg3 Qxg3 31. Qg4 Rxd1 32. Rxd1 Qf2 33. Qe4 g6 34. Qe1 Qc2 35. Rb1 Bf2 36. Qd1 Qf5 37. Qf1 Bg3 38. Qd1 Rf8 39. Rc1 Bb8 40. Qc2 Qf4 0-1

[Event "Titled Tuesday intern op 01st June"]
[Site "Chess.com INT"]
[Date "2021.06.01"]
[Round "1"]
[White "Triapishko, Alexandr"]
[Black "Bouchet, Sebastien"]
[Result "1-0"]
[WhiteElo "2510"]
[BlackElo "2180"]
[PlyCount "55"]
[EventDate "2021.06.01"]
[EventType "swiss (blitz)"]
[EventRounds "11"]
[EventCountry "USA"]
[SourceTitle "CBM 202 Extra"]
[Source "ChessBase"]
[SourceDate "2021.07.31"]
[SourceVersion "1"]
[SourceVersionDate "2021.07.31"]
[SourceQuality "1"]

1. e4 c5 2. Nf3 g6 3. Nc3 Bg7 4. d4 cxd4 5. Nxd4 Nc6 6. Nb3 a5 7. a4 Bxc3+ 8. bxc3 d6 9. f3 Nf6 10. Bh6 Ne5 11. Nd4 Bd7 12. Nb5 Rc8 13. Bg7 Rg8 14. Bxf6 exf6 15. Nxd6+ Kf8 16. Nxc8 Qxc8 17. Qd4 Kg7 18. Be2 Be6 19. 0-0 Rd8 20. Qe3 Qc7 21. Rfd1 Rc8 22. f4 Nc4 23. Bxc4 Qxc4 24. Rd3 f5 25. exf5 Bxf5 26. Qe5+ Kh6 27. Rf3 Qe4 28. Rh3+ 1-0

[Event "Titled Tuesday intern op 09th Mar"]
[Site "Chess.com INT"]
[Date "2021.03.09"]
[Round "2"]
[White "Baskin, Robert"]
[Black "Bouchet, Sebastien"]
[Result "1-0"]
[WhiteElo "2390"]
[BlackElo "2180"]
[PlyCount "61"]
[EventDate "2021.03.09"]
[EventType "swiss (blitz)"]
[EventRounds "11"]
[EventCountry "USA"]
[SourceTitle "CBM 201 Extra"]
[Source "ChessBase"]
[SourceDate "2021.05.31"]
[SourceVersion "1"]
[SourceVersionDate "2021.05.31"]
[SourceQuality "1"]

1. Nf3 c5 2. c4 Nc6 3. Nc3 g6 4. e3 Nf6 5. d4 cxd4 6. exd4 d5 7. cxd5 Nxd5 8. Qb3 Nxc3 9. Bc4 e6 10. bxc3 Na5 11. Bb5+ Bd7 12. Qa4 b6 13. Ne5 Bxb5 14. Qxb5+ Ke7 15. Ba3+ Kf6 16. Bxf8 Rxf8 17. Nd7+ Kg7 18. Nxf8 Qxf8 19. 0-0 Rc8 20. Rac1 Nc4 21. Rfe1 Qd6 22. h3 h5 23. Re2 Kg8 24. Rce1 Rc7 25. Qg5 a6 26. h4 b5 27. Re4 Nb6 28. Rxe6 fxe6 29. Qxg6+ Kf8 30. Rxe6 Rf7 31. Rxd6 1-0

[Event "Titled Tuesday intern op 23rd Feb"]
[Site "Chess.com INT"]
[Date "2021.02.23"]
[Round "2"]
[White "Bouchet, Sebastien"]
[Black "Deac, Bogdan Daniel"]
[Result "0-1"]
[WhiteElo "2180"]
[BlackElo "2625"]
[PlyCount "94"]
[EventDate "2021.02.23"]
[EventType "swiss (blitz)"]
[EventRounds "11"]
[EventCountry "USA"]
[SourceTitle "CBM 200 Extra"]
[Source "ChessBase"]
[SourceDate "2021.03.31"]
[SourceVersion "1"]
[SourceVersionDate "2021.03.31"]
[SourceQuality "1"]

1. e4 c5 2. c3 Qa5 3. a3 e6 4. d4 Nf6 5. e5 Nd5 6. Nf3 cxd4 7. b4 Qb6 8. cxd4 d6 9. Be2 Be7 10. 0-0 0-0 11. Bb2 Bd7 12. Nc3 Nxc3 13. Bxc3 Bb5 14. a4 Bxe2 15. Qxe2 Rc8 16. Rfc1 d5 17. a5 Qd8 18. b5 Nd7 19. Bd2 Rxc1+ 20. Rxc1 Rc8 21. Qd1 Nb8 22. Rc2 a6 23. Rxc8 Qxc8 24. Qb3 axb5 25. Qxb5 Qc6 26. Qb3 Qa6 27. h4 Nc6 28. Qa4 Bd8 29. h5 h6 30. Qa3 Bxa5 31. Bxa5 Qxa5 32. Qd6 Nxd4 33. Nxd4 Qa1+ 34. Kh2 Qxd4 35. Qd8+ Kh7 36. Qc7 Qf4+ 37. Kg1 b5 38. g3 Qf5 39. Qc3 Qxh5 40. Qd3+ Qf5 41. Qxb5 Qxe5 42. Qd7 Qf5 43. Qd6 h5 44. Qd8 Kg6 45. Kg2 Qe4+ 46. Kg1 d4 47. Qd6 d3 0-1

[Event "Titled Tuesday intern op 23rd Feb"]
[Site "Chess.com INT"]
[Date "2021.02.23"]
[Round "1"]
[White "Bouchet, Sebastien"]
[Black "Erdogdu, Mert"]
[Result "0-1"]
[WhiteElo "2180"]
[BlackElo "2396"]
[PlyCount "122"]
[EventDate "2021.02.23"]
[EventType "swiss (blitz)"]
[EventRounds "11"]
[EventCountry "USA"]
[SourceTitle "CBM 200 Extra"]
[Source "ChessBase"]
[SourceDate "2021.03.31"]
[SourceVersion "1"]
[SourceVersionDate "2021.03.31"]
[SourceQuality "1"]

1. e4 c5 2. c3 d5 3. exd5 Qxd5 4. d4 Nf6 5. Nf3 Bg4 6. Be2 e6 7. Na3 a6 8. Nc4 Nbd7 9. Ne3 Qd6 10. Nxg4 Nxg4 11. 0-0 Be7 12. dxc5 Nxc5 13. h3 Nf6 14. Be3 0-0 15. Qxd6 Bxd6 16. Rfd1 Be7 17. c4 Rac8 18. b3 Nfe4 19. Bd4 Bf6 20. Bxf6 Nxf6 21. Ne5 Nce4 22. Bf3 Rc7 23. Rd4 Nc5 24. Rad1 g6 25. g3 Kg7 26. h4 h5 27. Kg2 Rfc8 28. R1d2 a5 29. Nd3 Nfd7 30. Nxc5 Nxc5 31. Rd6 Kf6 32. Rb6 Ke7 33. Rb5 Ra8 34. Kf1 Ra7 35. Ke2 f5 36. Bg2 Nd7 37. f4 Nc5 38. Ke3 Ra6 39. Bf3 Ra7 40. Bg2 Ra6 41. Bf3 Kf6 42. Bg2 Ra7 43. Bf3 Nd7 44. Rd6 Ke7 45. Rbb6 Nxb6 46. Rxb6 a4 47. b4 Rxc4 48. Bxb7 Kd7 49. b5 Kc7 50. Rc6+ Rxc6 51. Bxc6 Kd6 52. Kd4 a3 53. Kc3 Ra4 54. Kb3 Rd4 55. Kxa3 Kc5 56. Kb3 Rd3+ 57. Kc2 Rxg3 58. a4 Ra3 59. Be8 Rxa4 60. Bxg6 Rxf4 61. Bxh5 Rxh4 0-1

[Event "Titled Tuesday intern op 09th Feb"]
[Site "Chess.com INT"]
[Date "2021.02.09"]
[Round "4"]
[White "Bouchet, Sebastien"]
[Black "Potapova, Margarita"]
[Result "0-1"]
[WhiteElo "2180"]
[BlackElo "2277"]
[PlyCount "82"]
[EventDate "2021.02.09"]
[EventType "swiss (blitz)"]
[EventRounds "11"]
[EventCountry "USA"]
[SourceTitle "EXT 2022"]
[Source "ChessBase"]
[SourceDate "2021.10.06"]
[SourceVersion "1"]
[SourceVersionDate "2021.10.06"]
[SourceQuality "1"]

1. e4 c5 2. c3 d5 3. exd5 Qxd5 4. d4 Nf6 5. Nf3 e6 6. Na3 cxd4 7. Nb5 Na6 8. Nbxd4 Be7 9. Be2 0-0 10. 0-0 Nc5 11. b4 Nce4 12. Bb2 b6 13. c4 Qd6 14. a3 Bb7 15. Qb3 a6 16. Rad1 Qc7 17. Rfe1 Rfd8 18. Bd3 Nd6 19. Ne5 Rac8 20. Nxf7 Nxf7 21. Nxe6 Qc6 22. f3 Re8 23. Nd4 Qc7 24. Nf5 Bf8 25. Qc3 Qf4 26. Ng3 a5 27. Bc1 Qb8 28. bxa5 bxa5 29. Qxa5 Bc5+ 30. Kh1 Qa8 31. Qc3 Bxf3 32. Bxh7+ Nxh7 33. gxf3 Nf6 34. Bb2 Qc6 35. Ne4 Be7 36. Rg1 Kf8 37. Rg3 Nh6 38. Rdg1 Nf5 39. Rxg7 Nxg7 40. Nxf6 Bxf6 41. Qb4+ Kf7 0-1

[Event "Titled Tuesday intern op 09th Feb"]
[Site "Chess.com INT"]
[Date "2021.02.09"]
[Round "3"]
[White "Kropff Gomez, Ricardo"]
[Black "Bouchet, Sebastien"]
[Result "0-1"]
[WhiteElo "2156"]
[BlackElo "2180"]
[PlyCount "49"]
[EventDate "2021.02.09"]
[EventType "swiss (blitz)"]
[EventRounds "11"]
[EventCountry "USA"]
[SourceTitle "EXT 2022"]
[Source "ChessBase"]
[SourceDate "2021.10.06"]
[SourceVersion "1"]
[SourceVersionDate "2021.10.06"]
[SourceQuality "1"]

1. d4 Nf6 2. c4 e6 3. Nc3 Bb4 4. e3 Bxc3+ 5. bxc3 b6 6. Bd3 Bb7 7. f3 d5 8. Ne2 0-0 9. 0-0 c5 10. cxd5 exd5 11. a4 Re8 12. Ra2 Nbd7 13. Ng3 Nf8 14. Re2 Qd7 15. Bb2 Ne6 16. Kh1 Rad8 17. Bb5 Bc6 18. Bxc6 Qxc6 19. e4 cxd4 20. cxd4 Rc8 21. e5 Nf4 22. exf6 Nxe2 23. Nxe2 Qc2 24. Qe1 Qxe2 25. Qg3 0-1